Business Environment Text & cases (Record no. 719)

MARC details
000 -LEADER
fixed length control field 00400nam a22001577a 4500
005 - DATE AND TIME OF LATEST TRANSACTION
control field 20180328114743.0
008 - FIXED-LENGTH DATA ELEMENTS--GENERAL INFORMATION
fixed length control field 160513b xxu||||| |||| 00| 0 eng d
041 ## - LANGUAGE CODE
Language code of text/sound track or separate title eng
082 ## - DEWEY DECIMAL CLASSIFICATION NUMBER
Item number 1865
Classification number 338.7
100 ## - MAIN ENTRY--AUTHOR NAME
Personal name Francis cheruniLam
245 ## - TITLE STATEMENT
Title Business Environment Text & cases
260 ## - PUBLICATION, DISTRIBUTION, ETC. (IMPRINT)
Place of publication Mumbai
Name of publisher Himalaya Publishing House
Year of publication 1985
300 ## - PHYSICAL DESCRIPTION
Number of Pages 770
650 ## - SUBJECT ADDED ENTRY--TOPICAL TERM
Topical Term Management
942 ## - ADDED ENTRY ELEMENTS (KOHA)
Koha item type Books
Holdings
Lost status Damaged status Collection code Home library Current library Shelving location Date acquired Cost, normal purchase price Full call number Accession Number Koha item type
    MANAGEMENT JRU Library JRU Library SHELF-60-F 13/05/2016 395.00 1869 1865 Books
    MANAGEMENT JRU Library JRU Library   13/05/2016 395.00 1869 1866 Books
    MANAGEMENT JRU Library JRU Library   13/05/2016 395.00 1869 1867 Books
    MANAGEMENT JRU Library JRU Library   13/05/2016 395.00 1869 1868 Books
    MANAGEMENT JRU Library JRU Library SHELF-60-F 13/05/2016 395.00 1869 1869 Books
    MANAGEMENT JRU Library JRU Library   13/05/2016 395.00 1869 1870 Books